Grammar Sense 3: Workbook
Đã lưu trong:
| 主要作者: | |
|---|---|
| 格式: | 图书 |
| 语言: | Undetermined |
| 出版: |
Oxford
Oxford University Press
2003
|
| 主题: | |
| 标签: |
添加标签
没有标签, 成为第一个标记此记录!
|
| Thư viện lưu trữ: | Trung tâm Học liệu Trường Đại học Cần Thơ |
|---|
| LEADER | 00562nam a2200205Ia 4500 | ||
|---|---|---|---|
| 001 | CTU_65288 | ||
| 008 | 210402s9999 xx 000 0 und d | ||
| 020 | |b 118000 | ||
| 082 | |a 428.34 | ||
| 082 | |b B632/B.3 | ||
| 100 | |a Blackwell, Angela | ||
| 245 | 0 | |a Grammar Sense 3: Workbook | |
| 245 | 0 | |c Angela Blackwell, Karen Davy | |
| 260 | |a Oxford | ||
| 260 | |b Oxford University Press | ||
| 260 | |c 2003 | ||
| 650 | |a english language | ||
| 650 | |x textbooks for foreign speakers | ||
| 904 | |i Năm | ||
| 980 | |a Trung tâm Học liệu Trường Đại học Cần Thơ | ||